000 00561nam a2200205Ia 4500
003 OSt
005 20250501101136.0
008 220927b |||||||| |||| 00| 0 eng d
020 _a0041940024
037 _cTextual
040 _aSDCL
_cSDCL
_beng
041 _2eng
_aeng
084 _aR1:(S) E0
100 _aBergson, Henri
_9446179
245 0 _aTime and free will :
_bAn essay on the immediate data of consciousness.
260 _aLondon :
_bGeorge Allen & Unwin,
_c1971.
300 _axxvii,252p.
942 _cTEXL
_2CC
_n0
999 _c834354
_d834354